| 000 | 00000cam 2200000zi 4500 |
| 001 | 9.962662 |
| 003 | CaOODSP |
| 005 | 20260508150859 |
| 006 | m o d f |
| 007 | cr mn||||||||| |
| 008 | 260508e20260430onc ob f000 0 fre d |
| 040 | |aCaOODSP|bfre|erda|cCaOODSP |
| 043 | |an-cn--- |
| 086 | 1 |aH113-9/2026-8F-PDF |
| 245 | 00|aFongicide GATTEN contenant du flutianile. |
| 264 | 1|aOttawa (Ontario) : |bDirection de la réglementation des pesticides, Direction générale de la santé environnementale et de la sécurité des consommateurs, Santé Canada, |c30 avril 2026. |
| 264 | 4|c©2026 |
| 300 | |a1 ressource en ligne (30 pages). |
| 336 | |atexte|btxt|2rdacontent/fre |
| 337 | |ainformatique|bc|2rdamedia/fre |
| 338 | |aressource en ligne|bcr|2rdacarrier/fre |
| 490 | 1 |aProjet de décision d'homologation, |x1925-0908 ; |vPRD2026-08 |
| 500 | |aTitre de la couverture. |
| 500 | |aLe résumé est publié aussi en format HTML. |
| 500 | |aPublié aussi en anglais sous le titre : GATTEN Fungicide, containing Flutianil. |
| 504 | |aComprend des références bibliographiques (pages 29-30). |
| 520 | |a« En vertu du paragraphe 28(1) de la Loi sur les produits antiparasitaires, Santé Canada propose l'homologation à des fins de vente et d'utilisation du fongicide GATTEN, contenant le principe actif de qualité technique flutianile, pour supprimer les espèces d'oïdium sur les légumes de serre (piments et poivrons, aubergines, concombres et tomates) et les plantes ornementales de serre. L'évaluation en question a été réalisée dans le cadre du Programme d'extension du profil d'emploi pour les usages limités demandés par les utilisateurs, qui est un programme coopératif entre Agriculture et Agroalimentaire Canada et Santé Canada, et auquel participent des groupes de promoteurs, des fabricants et les gouvernements provinciaux et fédéral » -- Résumé, page 1. |
| 650 | 6|aFongicides|xCertification|zCanada. |
| 650 | 6|aFongicides|xToxicologie. |
| 650 | 6|aFongicides|xAspect de l'environnement. |
| 710 | 1 |aCanada. |bDirection générale de la santé environnementale et de la sécurité des consommateurs, |eorganisme de publication. |
| 775 | 08|tGATTEN Fungicide, containing Flutianil.|w(CaOODSP)9.962661 |
| 830 | #0|aProjet de décision d'homologation,|x1925-0908 ; |vPRD2026-08.|w(CaOODSP)9.500882 |
| 856 | 40|qPDF|s697 Ko|uhttps://publications.gc.ca/collections/collection_2026/sc-hc/h113-9/H113-9-2026-8-fra.pdf|zRapport |
| 856 | 4 |qHTML|sS.O.|uhttps://www.canada.ca/fr/sante-canada/services/securite-produits-consommation/pesticides-lutte-antiparasitaire/public/consultations/projets-decision-homologation/2026/fongicide-gatten-contenant-flutianile/document.html|zRésumé |